000 00364nam a2200145 i 4500
001 bg
100 1 _aNIŻNIK, J.
245 0 _aSpołeczne przesłanki projektowania działalności kulturalnej /
_cJ. Niżnik.
250 _aWyd.2 uzup.
260 _aWarszawa,
_c1983.
040 _cBPK
041 _apol
942 _cKS
008 s pl f |000 0 pol
999 _c2410
_d2410
856 _uhttp://koha.tu.koszalin.pl/cgi-bin/koha/opac-detail.pl?biblionumber=2410
_yKatalog online BPK